James Bond 007 - Quiz Cinéma #1 - Statistiques

Statistiques générales
  • Ce quiz a été pris 47 fois
  • Le résultat moyen est 4 sur 14
Statistiques - réponses
Question Réponse % Correct
Dans "Goldfinger", à combien de secondes s'arrête la bombe atomique programmée pour éclater dans l'enceinte de Fort Knox ? 7 secondes
61%
Sur quelle île fictive le Dr. No possède-t-il son repaire secret et l'utilise-t-il à des fins criminelles ? Crab Key
53%
Dans "Les diamants sont éternels", où le duo d'assassins Mr. Kidd et Mr. Wint cachent-ils une bombe pour tenter d'éliminer 007 lors de la scène finale du film (pendant le voyage de retour en navire de croisière) ? Dans un gateau à la crème
42%
Dans "Au service secret de Sa Majesté", seul James Bond interprété par George Lazenby, quel acteur joue le rôle de Blofeld (le n°1 du SPECTRE) ? Telly Savalas
42%
Dans "L'espion qui m'aimait", quel acteur de taille imposante (2,18 m [excusez du peu]) et à la mâchoire d'acier (ce n'est pas pour rien qu'on l'appelle "Requin") tente de contrecarrer les plans de 007 ? Richard Kiel
39%
Dans "On ne vit que deux fois", quels animaux à l'appétit redoutable le sinistre Ernst Stavro Blofeld élève-t-il dans l'un des volcans de l'île de Matsu ? Des piranhas
37%
Dans "Opération Tonnerre", à quel jeu de casino James Bond et Emilio Largo jouent-ils avec défiance et autorité sous les yeux de Domino (Claudine Auger) ? Le baccara
32%
Dans "Rien que pour vos yeux", quelle voiture bien française James Bond est-il amené à conduire aux côtés de la charmante Melina Havelock (Carole Bouquet) ? Une 2CV
32%
Dans "Bons baisers de Russie", qui interprète le rôle de la colonelle Rosa Klebb, n°3 du SPECTRE (et adepte des couteaux à cran d'arrêt dans les chaussures) ? Lotte Lenya
29%
Maud Adams est l'actrice principale du film "Octopussy". Mais dans quel autre James Bond a-t-elle également joué avec brio ? L'homme au pistolet d'or
26%
Dans "Moonraker", combien de personnes les capsules de gaz neurotoxique mortel (tiré d'une orchidée rare d'Amazonie) d'Hugo Drax sont-elles censées tuer lors de leur largage sur la Terre depuis l'espace ? 100 millions
16%
Dans "Dangereusement vôtre", avec quelle arme May Day (incarnée par Grace Jones) parvient-elle à tuer Achille Aubergine (interprété par Jean Rougerie) au sein de la Tour Eiffel ? Un papillon empoisonné mû par une canne à pêche
16%
Dans "Vivre et laisser mourir", quel nom porte le crocodile qui a arraché le bras de Tee-Hee (joué par Julius Harris), le forçant à se doter d'un bras mécanique avec une pince coupante ? Albert
13%
Quel est le calibre du pistolet d'or de Francisco Scaramanga ? 4,2 mm
8%
Aucun quiz correspondant
Distribution des résultats
% des personnes avec chaque résultat
Percentile par nombre de réponses
Votre historique - résultats
Vous n’avez pas pris ce quiz